00317nam a2200109 a 450000500170000000800410001705000170005810000190007524500410009426000400013544000320017520140412111324.0110407s19uu xx 00 eng d aERbUp1 1994 aConnelly, Neil aUpside - down ears /cNeil Connelly. aHongkong :bOttenheimer pub,c1994. aTales from the carrot patch